My NFL power rankings after week 18 - Statistics

General Stats
  • This quiz has been taken 38 times
  • The average score is 12 of 14
Answer Stats
Rank Answer % Correct
10 Kansas City Chiefs
94%
3 Detroit Lions
90%
1 Baltimore Ravens
87%
2 Buffalo Bills
87%
5 Dallas Cowboys
87%
7 Los Angeles Rams
87%
11 Miami Dolphins
87%
12 Philadelphia Eagles
87%
9 Pittsburgh Steelers
87%
14 Tampa Bay Buccaneers
87%
6 Cleveland Browns
84%
4 San Francisco 49ers
84%
13 Green Bay Packers
81%
8 Houston Texans
81%
No matching quizzes found
Score Distribution
Percent of People with Each Score
Percentile by Number Answered
Your Score History
You have not taken this quiz